000 00720nam a2200229 i 4500
001 184172
003 ES-MaACL
005 20250416063104.0
008 150408s1968 sp |||| |bspa d
080 _a929 Russell, Bertrand, Earl of Russell
100 1 _aPérez, Dionisio,
_d1926-2010
_9240037
245 1 0 _aBertrand Russell /
_cDionisio Pérez.
250 _a1ª ed.
260 _aBarcelona :
_bFontanella,
_c1968.
300 _a205 p. ;
_c17 cm.
490 1 _aTestigos del siglo XX ;
_v21
504 _aBibliografía: p. 199-[205]
600 1 4 _aRussell, Bertrand,
_d1872-1970
_9101033
830 0 _aTestigos del siglo XX ;
_v21
_9192049
852 _aES-MaACL
_jE-15542
999 _c184172
_d184172